[Event "British Chess Championships 2023: First Blitz Open"]
[Site "The Venue, De Montfort University, 20 Western Boulevard, Leicester, LE2 7BU"]
[Date "2023.07.20"]
[Round "5"]
[Board "14"]
[White "Mandnikar, Atreya"]
[Black "Goss, Alex"]
[Result "0-1"]
[WhiteElo "1602"]
[BlackElo "1801"]
[PlyCount "0"]
[EventDate "2023.07.20"]
[EventRounds "9"]
[EventCountry "ENG"]

1. e4 e6 2. d4 d5 3. exd5 exd5 4. Bd3 Bd6 5. Nf3 Ne7 6. O-O O-O 7. Bg5 f6 8. Bh4
Bf5 9. c3 Nd7 10. Qc2 Bxd3 11. Qxd3 Ng6 12. Bg3 Nb6 13. Nbd2 c6 14. c4 Bxg3 15. hxg3
dxc4 16. Nxc4 Nd5 17. Rad1 Qd7 18. Qb3 Kh8 19. Na5 b6 20. Nc4 Rfe8 21. Rfe1 Rxe1+
22. Rxe1 Re8 23. Ne3 Qf7 24. Rc1 Qd7 25. Nxd5 cxd5 26. Qd3 Rc8 27. Rxc8+ Qxc8 28.
Qe3 Kg8 29. Qb3 Qc1+ 30. Kh2 Qc4 31. Qa3 Qc7 32. Qe3 Kf7 33. Nd2 Qe7 34. Qf3 Qd6
35. Nb3 Ne7 36. Qh5+ Kf8 37. Qxh7 Qe6 38. Nd2 Nf5 39. Qh8+ Ke7 40. Qb8 Qd7 41. Nf3
Nh6 42. Nh4 Ng4+ 43. Kg1 Qc6 44. Qf4 Qd7 45. f3 Nh6 46. Ng6+ Ke8 47. Qe3+ Kf7 48.
Nf4 Qd6 49. Qb3 Nf5 50. Nxd5 Nxd4 51. Qc4 Ne6 52. Nf4 Qc5+ 53. Qxc5 Nxc5 54. Kf2
g5 55. Nd5 Nd3+ 56. Ke3 Nxb2 57. Nb4 Nc4+ 58. Kd4 Nd6 59. Nc6 a6 60. Nb8 Nb5+ 61.
Kd3 Nc7 62. Nd7 b5 63. Ke4 Ke6 64. Nc5+ Kd6 65. Nb3 Ne6 66. Kf5 Ke7 67. Nd2 Nd4+
68. Ke4 Ne2 69. g4 Nc3+ 70. Kf5 Nxa2 71. Ne4 Nb4 72. Nxf6 a5 73. Kxg5 a4 74. Ne4
a3 75. Nc3 a2 76. Nxa2 Nxa2 77. Kh6 b4 78. g5 b3 79. g6 b2 80. g7 b1=Q 81. g8=Q Qh1+
82. Kg5 Qxg2+  0-1

[Event "British Chess Championships 2023: First Blitz Open"]
[Site "The Venue, De Montfort University, 20 Western Boulevard, Leicester, LE2 7BU"]
[Date "2023.07.20"]
[Round "6"]
[Board "1"]
[White "Badacsonyi, Stanley"]
[Black "Pilley, Jack"]
[Result "1-0"]
[WhiteElo "2231"]
[BlackElo "2037"]
[PlyCount "0"]
[EventDate "2023.07.20"]
[EventRounds "9"]
[EventCountry "ENG"]

1. d4 Nf6 2. Nc3 d5 3. Bf4 e6 4. Nb5 Na6 5. e3 c6 6. Nc3 Be7 7. Nf3 O-O 8. Ne5 c5
9. Bxa6 bxa6 10. Nc6 Qe8 11. Nxe7+ Qxe7 12. O-O Bd7 13. dxc5 Qxc5 14. Qd4 Qxd4 15.
exd4 Rfc8 16. Rac1 Nh5 17. Bd6 Nf6 18. Rfe1 Bc6 19. f3 Ne8 20. Bg3 Nc7 21. Ne2 Rab8
22. b3 Rb7 23. c4 dxc4 24. Rxc4 Bb5 25. Rc2 Bd3 26. Rc3 Bb5 27. a4 Bd7 28. Rec1  1-0

[Event "British Chess Championships 2023: First Blitz Open"]
[Site "The Venue, De Montfort University, 20 Western Boulevard, Leicester, LE2 7BU"]
[Date "2023.07.20"]
[Round "6"]
[Board "2"]
[White "Dong, Bao Nghia"]
[Black "Han, Yichen"]
[Result "1-0"]
[WhiteElo "2310"]
[BlackElo "2355"]
[PlyCount "0"]
[EventDate "2023.07.20"]
[EventRounds "9"]
[EventCountry "ENG"]

1. d4 d5 2. c4 e6 3. Nc3 c5 4. cxd5 cxd4 5. Qxd4 Nc6 6. Qd1 exd5 7. e3 Nf6 8. Nf3
Bb4 9. Bd2 O-O 10. Be2 Ne4 11. O-O Bxc3 12. Bxc3 Nxc3 13. bxc3 Be6 14. Nd4 Qc7 15.
Nxe6 fxe6 16. c4 Rad8 17. Qa4 d4 18. Bg4 dxe3 19. Bxe6+ Kh8 20. fxe3 Qe5 21. Bd5
Qxe3+ 22. Kh1 Rxf1+ 23. Rxf1 Qe2 24. Rb1 Ne5 25. h3 Nd3 26. Qxa7 Nf2+ 27. Kg1 Ne4
28. Qd4 Nf6 29. Rxb7 Qxa2 30. Qb6 Qa1+ 31. Kf2 Rf8 32. Rf7 Ne4+ 33. Ke2 Qa2+ 34.
Ke3 Re8 35. Bxe4 Qxc4 36. Qb7 Qc3+ 37. Kf2 Qd4+ 38. Kf3 Qc3+ 39. Kf2 Qd4+ 40. Kg3
h5 41. Bf3 Qe5+ 42. Kh4 Qd4+ 43. Kg3 Qe5+ 44. Kh4 Qd4+ 45. g4 Qf2+ 46. Kxh5 Qc5+
47. Rf5 Qd6 48. Qc6 g6+ 49. Kg5 Qd2+ 50. Rf4 Re5+ 51. Kxg6 Qd8  1-0

[Event "British Chess Championships 2023: First Blitz Open"]
[Site "The Venue, De Montfort University, 20 Western Boulevard, Leicester, LE2 7BU"]
[Date "2023.07.20"]
[Round "6"]
[Board "3"]
[White "Ortiz Sanchez, Luis"]
[Black "Broughton, Daniel"]
[Result "1/2-1/2"]
[WhiteElo "1894"]
[BlackElo "1972"]
[PlyCount "0"]
[EventDate "2023.07.20"]
[EventRounds "9"]
[EventCountry "ENG"]

1. d4 e6 2. e4 d5 3. Nc3 dxe4 4. Nxe4 Bd7 5. Be2 Bc6 6. Bf3 Nd7 7. c3 Bxe4 8. Bxe4
c6 9. Nf3 Ngf6 10. Bc2 Be7 11. O-O O-O 12. Re1 Re8 13. Ne5 Nxe5 14. Rxe5 Bd6 15.
Re1 e5 16. Bg5 h6 17. Bh4 g5 18. Bg3 Qc7 19. Bb3 Rad8 20. Qc2 Kg7 21. dxe5 Bxe5 22.
Bxe5 Rxe5 23. Rad1 Rxd1 24. Qxd1 Qe7 25. Rxe5 Qxe5 26. h3 c5  1/2-1/2

[Event "British Chess Championships 2023: First Blitz Open"]
[Site "The Venue, De Montfort University, 20 Western Boulevard, Leicester, LE2 7BU"]
[Date "2023.07.20"]
[Round "6"]
[Board "4"]
[White "Wells, Tony D"]
[Black "Pal, Rohan"]
[Result "0-1"]
[WhiteElo "2070"]
[BlackElo "1776"]
[PlyCount "0"]
[EventDate "2023.07.20"]
[EventRounds "9"]
[EventCountry "ENG"]

1. e4 c5 2. Nf3 e6 3. d4 cxd4 4. Nxd4 Nf6 5. Nc3 Nc6 6. Nxc6 bxc6 7. Bd3 d5 8. O-O
Be7 9. Re1 O-O 10. b3 Bb4 11. Bd2 d4 12. Na4 Bxd2 13. Qxd2 e5 14. f4 exf4 15. Qxf4
Be6 16. Rad1 Ng4 17. h3 Ne3 18. Rd2 Qa5 19. Rde2 c5 20. e5 Rad8 21. Rxe3 dxe3 22.
Rxe3 Rd4 23. Qg5 c4 24. Be4 cxb3 25. axb3 Qd2 26. Nc5 Qc1+ 27. Kh2 Rd1 28. Rf3 Rh1+
29. Kg3 Qxg5+  0-1

[Event "British Chess Championships 2023: First Blitz Open"]
[Site "The Venue, De Montfort University, 20 Western Boulevard, Leicester, LE2 7BU"]
[Date "2023.07.20"]
[Round "6"]
[Board "5"]
[White "Gay, Conor DI"]
[Black "Stubbs, Oliver"]
[Result "0-1"]
[WhiteElo "1909"]
[BlackElo "2050"]
[PlyCount "0"]
[EventDate "2023.07.20"]
[EventRounds "9"]
[EventCountry "ENG"]

1. e4 e6 2. d4 d5 3. exd5 exd5 4. Bd3 Nf6 5. Nf3 Bd6 6. O-O O-O 7. Re1 Bg4 8. Nbd2
Nbd7 9. Nf1 c6 10. Ne3 Bh5 11. c3 Re8 12. Qc2 Bg6 13. Bd2 Ne4 14. b3 Qc7 15. c4 dxc4
16. bxc4 Nxd2 17. Qxd2 Rad8 18. Bxg6 hxg6 19. Qc3 Nf6 20. Rad1 Ne4 21. Qb2 Be7 22.
d5 Bc5 23. dxc6 Qxc6 24. Rxd8 Rxd8 25. Ne5 Qf6 26. N3g4 Qf5 27. Qxb7 Nxf2 28. Qc7
Rc8 29. Qxf7+ Qxf7 30. Nxf7 Nxg4+  0-1

[Event "British Chess Championships 2023: First Blitz Open"]
[Site "The Venue, De Montfort University, 20 Western Boulevard, Leicester, LE2 7BU"]
[Date "2023.07.20"]
[Round "6"]
[Board "6"]
[White "Kothari, Jai"]
[Black "Gopakumar, Siddharth"]
[Result "0-1"]
[WhiteElo "1951"]
[BlackElo "1892"]
[PlyCount "0"]
[EventDate "2023.07.20"]
[EventRounds "9"]
[EventCountry "ENG"]

1. e4 c5 2. Nf3 a6 3. d4 cxd4 4. Nxd4 Nf6 5. Nc3 e5 6. Nb3 Bb4 7. f3 O-O 8. Bd2 Nc6
9. Nd5 Bxd2+ 10. Qxd2 Nxd5 11. exd5 Ne7 12. Be2 d6 13. O-O Bf5 14. Rfd1 Rc8 15. c4
Bg6 16. Rac1 Qd7 17. c5 Rfd8 18. c6 bxc6 19. Bxa6 Qa7+ 20. Kh1 Qxa6 21. dxc6 Rxc6
22. Rxc6 Nxc6 23. Nc5 Qb5 24. Nb3 h6 25. h3 Qa6 26. Qc3 Nd4 27. Nxd4 exd4 28. Rxd4
Qxa2 29. Qc7 Qa8 30. Kh2 Qb8 31. Qc3 d5+ 32. f4 Be4 33. Qd2 Qb6 34. b4 Rb8 35. Qc3
Qf6 36. Qd2 g5 37. fxg5 hxg5 38. Kg1 Qf4 39. Qe2 Rc8 40. Qf1 Qxf1+ 41. Kxf1 Rc1+
42. Kf2 Rc2+ 43. Ke3 Rxg2 44. b5 Rb2 45. Ra4 Rxb5 46. Ra8+ Kg7 47. Ra7 Rb3+ 48. Kd4
Rxh3 49. Ke5 g4 50. Kf4 g3 51. Kg4 g2 52. Kxh3 g1=Q 53. Kh4 Qxa7 54. Kg4 Qd7+ 55.
Kf4 Qd6+ 56. Ke3 Qg3+ 57. Kd4 Qd3+ 58. Ke5 f6+ 59. Kd6 d4 60. Ke6 Bf5+ 61. Kd5 Qe4+
62. Kc5 d3 63. Kb6 d2 64. Kc5 d1=Q 65. Kb5 Qb3+ 66. Kc5 Qc3+ 67. Kb5 Qeb4+ 68. Ka6
Qca3#  0-1

[Event "British Chess Championships 2023: First Blitz Open"]
[Site "The Venue, De Montfort University, 20 Western Boulevard, Leicester, LE2 7BU"]
[Date "2023.07.20"]
[Round "6"]
[Board "7"]
[White "Patel, Rishi"]
[Black "Khan, Mohammed"]
[Result "0-1"]
[WhiteElo "1762"]
[BlackElo "1949"]
[PlyCount "0"]
[EventDate "2023.07.20"]
[EventRounds "9"]
[EventCountry "ENG"]

1. e4 e5 2. Nf3 Nc6 3. Bc4 Bc5 4. c3 Nf6 5. d3 h6 6. Be3 Bb6 7. Nbd2 O-O 8. Nf1 d5
9. exd5 Nxd5 10. Bxb6 axb6 11. Bxd5 Qxd5 12. Ne3 Qb5 13. Qc2 Rd8 14. Nc4 e4 15. a4
exd3 16. axb5 Rxa1+ 17. Qd1 Rxd1+ 18. Kxd1 Na5 19. Nxa5 bxa5 20. Kd2 Bf5 21. Nd4
Bg6 22. Re1 Kf8 23. f4 Rd5 24. g4 c5 25. bxc6 bxc6 26. f5 c5 27. Nf3 Bh7 28. Re5
Rxe5 29. Nxe5 Ke7 30. Nxd3 Kd6 31. Ke3 g6 32. Kf4 g5+ 33. Ke4 f6 34. c4 a4 35. Nf2
Bg8 36. Kd3 Ke5 37. Ne4 Bf7 38. Nxc5 Kf4 39. h3 Kg3 40. Ne6 Kxh3 41. c5 Be8 42. Ng7
Bc6 43. Kd4 Kxg4 44. Kc4 h5 45. Ne6 h4 46. Nd4 Bd7 47. Kd5 h3 48. Kd6 Be8 49. Ke7
h2 50. Kxe8 h1=Q 51. Kd7 Qd5+ 52. Kc7 Qxc5+ 53. Nc6 Qxf5 54. Kd6 Qd3+ 55. Ke6 Qe4+
56. Kd6 Qc2 57. Kd7 Qxb2  0-1

[Event "British Chess Championships 2023: First Blitz Open"]
[Site "The Venue, De Montfort University, 20 Western Boulevard, Leicester, LE2 7BU"]
[Date "2023.07.20"]
[Round "6"]
[Board "8"]
[White "Bartram, William"]
[Black "Matlak, Oleksandr"]
[Result "0-1"]
[WhiteElo "1932"]
[BlackElo "2158"]
[PlyCount "0"]
[EventDate "2023.07.20"]
[EventRounds "9"]
[EventCountry "ENG"]

1. e4 c5 2. Nf3 d6 3. d4 cxd4 4. Nxd4 Nf6 5. Nc3 a6 6. Be2 e6 7. O-O Qc7 8. f4 b5
9. Bf3 Bb7 10. a3 Nbd7 11. Qe2 Rc8 12. Kh1 Be7 13. Be3 Qb8 14. Rad1 O-O 15. f5 e5
16. Nb3 Qa8 17. Bc1 Rc4 18. Rfe1 Nc5 19. Nxc5 Rxc5 20. g4 d5 21. exd5 Bd6 22. g5
e4 23. gxf6 exf3 24. Qxf3 Rd8 25. Qg2 g6 26. fxg6 hxg6 27. Re2 Bf8 28. Red2 a5 29.
b4 Rxc3  0-1

[Event "British Chess Championships 2023: First Blitz Open"]
[Site "The Venue, De Montfort University, 20 Western Boulevard, Leicester, LE2 7BU"]
[Date "2023.07.20"]
[Round "6"]
[Board "9"]
[White "Graff, Ben"]
[Black "Wastney, Dylan"]
[Result "0-1"]
[WhiteElo "1705"]
[BlackElo "1878"]
[PlyCount "0"]
[EventDate "2023.07.20"]
[EventRounds "9"]
[EventCountry "ENG"]

1. e4 c5 2. Nc3 e6 3. g3 d5 4. Bg2 Nf6 5. exd5 exd5 6. d3 Nc6 7. Nge2 Be7 8. O-O
O-O 9. Bg5 d4 10. Bxf6 Bxf6 11. Ne4 Be7 12. f4 Nb4 13. f5 Nd5 14. Qd2 Ne3 15. Rf3
Nxg2 16. Kxg2 f6 17. Nf4 Bxf5 18. Re1 Qd7 19. Nf2 Bd6 20. Nd5 Be6 21. Nf4 Bxf4 22.
Qxf4 Bd5 23. Ne4 f5 24. Nxc5 Bxf3+ 25. Qxf3 Qb5 26. Qd5+ Kh8 27. Qxd4 Rad8 28. Qc3
Qc6+ 29. Ne4 fxe4 30. dxe4 Qxc3 31. bxc3 Rd2+ 32. Kh3 Rxc2 33. e5 h6 34. e6 Rxc3
35. e7 Re8 36. Kg4 Rc7 37. Kf5 Rcxe7 38. Rc1 Rf8+ 39. Kg6 Re5  0-1

[Event "British Chess Championships 2023: First Blitz Open"]
[Site "The Venue, De Montfort University, 20 Western Boulevard, Leicester, LE2 7BU"]
[Date "2023.07.20"]
[Round "6"]
[Board "10"]
[White "Masani, Matthew M"]
[Black "Pandya, Dhairya"]
[Result "1-0"]
[WhiteElo "1862"]
[BlackElo "1662"]
[PlyCount "0"]
[EventDate "2023.07.20"]
[EventRounds "9"]
[EventCountry "ENG"]

1. d4 Nf6 2. Bf4 d6 3. Nc3 b6 4. e4 Bb7 5. f3 e6 6. Qd2 Nbd7 7. Bd3 Be7 8. g4 h6
9. h4 c5 10. Be3 d5 11. e5 Nh7 12. g5 hxg5 13. hxg5 g6 14. f4 cxd4 15. Bxd4 Bc5 16.
Qe3 Bxd4 17. Qxd4 Nc5 18. Bb5+ Ke7 19. O-O-O a6 20. Be2 Rc8 21. Kb1 b5 22. Bf3 Qb6
23. Nge2 b4 24. Nxd5+ Bxd5 25. Bxd5 exd5 26. f5 Nxg5 27. Nf4 Qc6 28. Nxd5+ Kd7 29.
Nxb4+ Kc7 30. Nxc6 Kxc6 31. Qd6+ Kb5 32. Rxh8 Rd8 33. Rg8 Rxg8 34. c4+ Rh8 35. a3+
Kb4  1-0

[Event "British Chess Championships 2023: First Blitz Open"]
[Site "The Venue, De Montfort University, 20 Western Boulevard, Leicester, LE2 7BU"]
[Date "2023.07.20"]
[Round "6"]
[Board "11"]
[White "Goss, Alex"]
[Black "Vashisht-Pigem, Raman"]
[Result "0-1"]
[WhiteElo "1801"]
[BlackElo "1695"]
[PlyCount "0"]
[EventDate "2023.07.20"]
[EventRounds "9"]
[EventCountry "ENG"]

1. e4 e6 2. d4 d5 3. Nd2 Nc6 4. Ngf3 Nf6 5. e5 Nd7 6. c3 f6 7. exf6 Qxf6 8. Bd3 Bd6
9. Nf1 O-O 10. Bg5 Qf7 11. Ne3 h6 12. Bh4 e5 13. dxe5 Ndxe5 14. Nxe5 Nxe5 15. Bc2
c6 16. O-O Be6 17. Bg3 Nc4 18. Nxc4 Bxg3 19. fxg3 Qxf1+ 20. Qxf1 Rxf1+ 21. Rxf1 dxc4
22. Re1 Kf7 23. Rf1+ Ke7 24. Re1 Rf8 25. Bd1 Kd6 26. Bf3 Bd5 27. Kf2 g5 28. g4 Rf4
29. Re8 h5 30. h3 hxg4 31. hxg4 Be6 32. Rd8+ Kc7 33. Rd4 Rxd4 34. cxd4 Kd6 35. Ke3
b5 36. a3 Bd5 37. Kd2 a5 38. Kc3 Bxf3 39. gxf3 Kd5 40. f4 gxf4 41. g5 f3 42. Kd2
Ke6 43. Ke3 f2 44. Kxf2 Kf5 45. g6 Kxg6 46. Kf3 Kf5 47. Ke3 Ke6 48. Ke4 b4 49. axb4
axb4 50. Ke3 Kd5  0-1

[Event "British Chess Championships 2023: First Blitz Open"]
[Site "The Venue, De Montfort University, 20 Western Boulevard, Leicester, LE2 7BU"]
[Date "2023.07.20"]
[Round "6"]
[Board "12"]
[White "Dhemrait, Jagdeep"]
[Black "Dayal, Samar"]
[Result "0-1"]
[WhiteElo "1718"]
[BlackElo "1151"]
[PlyCount "0"]
[EventDate "2023.07.20"]
[EventRounds "9"]
[EventCountry "ENG"]

1. e4 c5 2. Nc3 d6 3. f4 Nc6 4. Nf3 g6 5. Bb5 Bd7 6. Bxc6 Bxc6 7. O-O Bg7 8. d3 e6
9. Qe1 Ne7 10. Qh4 O-O 11. g4 f5 12. e5 Bxf3 13. Rxf3 dxe5 14. fxe5 Bxe5 15. Rh3
Qd4+ 16. Kh1 Rf7 17. Be3 Qxg4 18. Bxc5 Qxh4 19. Rxh4 Bxc3 20. bxc3 Rc8 21. Bxa7 Rxc3
22. Re1 Rxc2 23. Rxe6 Rxa2 24. Bc5 Nc6 25. d4 Rc2 26. Bb6 Rb2 27. Bc5 Rb5 28. Rf4
b6 29. Rxc6 bxc5 30. dxc5 g5 31. Rf2 f4 32. Rc8+ Kg7 33. c6 Rc5 34. Rg2 f3 35. Rg1
h6 36. Rf1 g4 37. Kg1 Rf6 38. Rd1 Rfxc6 39. Rd7+ Kf6 40. Rg8 Rc1+ 41. Kf2 R6c2+ 42.
Kg3 Rg2+ 43. Kh4 Rxh2+ 44. Kg3 Rg2+ 45. Kf4 f2 46. Rf8+ Ke6  0-1

[Event "British Chess Championships 2023: First Blitz Open"]
[Site "The Venue, De Montfort University, 20 Western Boulevard, Leicester, LE2 7BU"]
[Date "2023.07.20"]
[Round "6"]
[Board "14"]
[White "Mandnikar, Atreya"]
[Black "Hayes, Solomon"]
[Result "1-0"]
[WhiteElo "1602"]
[BlackElo "1781"]
[PlyCount "0"]
[EventDate "2023.07.20"]
[EventRounds "9"]
[EventCountry "ENG"]

1. e4 c5 2. c3 d5 3. exd5 Qxd5 4. d4 Nf6 5. Nf3 Nc6 6. Be3 cxd4 7. cxd4 Bg4 8. Nc3
Qd8 9. d5 Ne5 10. Bb5+ Nfd7 11. Nxe5 Bxd1 12. Bxd7+ Qxd7 13. Nxd7 Kxd7 14. Rxd1 g6
15. O-O Bg7 16. Rfe1 Rac8 17. Bxa7 Bxc3 18. bxc3 Rxc3 19. Bd4  1-0

[Event "British Chess Championships 2023: First Blitz Open"]
[Site "The Venue, De Montfort University, 20 Western Boulevard, Leicester, LE2 7BU"]
[Date "2023.07.20"]
[Round "7"]
[Board "1"]
[White "Pal, Rohan"]
[Black "Badacsonyi, Stanley"]
[Result "1-0"]
[WhiteElo "1776"]
[BlackElo "2231"]
[PlyCount "0"]
[EventDate "2023.07.20"]
[EventRounds "9"]
[EventCountry "ENG"]

1. e4 e6 2. d4 d5 3. Nc3 Nf6 4. e5 Nfd7 5. Nce2 c5 6. c3 Nc6 7. f4 a6 8. Nf3 b5 9.
a3 c4 10. g3 Na5 11. Be3 Nb3 12. Rb1 a5 13. Bh3 g6 14. g4 h5 15. gxh5 Rh7 16. h6
Rxh6 17. Bg4 Rh8 18. Ng3 b4 19. axb4 axb4 20. h4 bxc3 21. bxc3 Qa5 22. Qc2 Qa2 23.
Rb2 Qa1+ 24. Kf2 Qa5 25. h5 gxh5 26. Nxh5 Rg8 27. Ng5 Bb7 28. Qh7 Rxg5 29. fxg5 Qxc3
30. Rhb1 Bc6 31. g6 O-O-O 32. g7 Bxg7 33. Qxg7 Nxd4 34. Nf6 Nc2 35. Bg5 Qd4+ 36.
Kf3  1-0

[Event "British Chess Championships 2023: First Blitz Open"]
[Site "The Venue, De Montfort University, 20 Western Boulevard, Leicester, LE2 7BU"]
[Date "2023.07.20"]
[Round "7"]
[Board "2"]
[White "Stubbs, Oliver"]
[Black "Dong, Bao Nghia"]
[Result "0-1"]
[WhiteElo "2050"]
[BlackElo "2310"]
[PlyCount "0"]
[EventDate "2023.07.20"]
[EventRounds "9"]
[EventCountry "ENG"]

1. d4 Nf6 2. Nf3 g6 3. Bf4 Bg7 4. e3 O-O 5. Be2 d6 6. h3 b6 7. O-O Ba6 8. c4 Nbd7
9. Nc3 Re8 10. Bh2 c6 11. Qc2 e5 12. Rfd1 Qe7 13. b4 Rac8 14. c5 Bxe2 15. Nxe2 dxc5
16. dxe5 Nd5 17. bxc5 Nxe5 18. Nxe5 Bxe5 19. Bxe5 Qxe5 20. cxb6 axb6 21. Rac1 c5
22. Nc3 Nb4 23. Qb3 Re6 24. Ne2 Rd6 25. a3 Nd5 26. Nf4 Nxf4 27. exf4 Qxf4 28. Rxd6
Qxd6 29. Rd1 Qc6 30. a4 Ra8 31. Rb1 Rxa4 32. Qxb6 Qxb6 33. Rxb6 Rc4 34. Rc6 Rc2 35.
g3 Kf8 36. Rc7 h5 37. h4 Kg7 38. Kg2 Kf6 39. Kf3 Ke6 40. Ke3 f6 41. Rc6+ Kf5 42.
Kf3 g5 43. hxg5 fxg5 44. Rc8 Rc3+ 45. Ke2 h4 46. gxh4 gxh4 47. Rh8 h3 48. Kd2 Ra3
49. Rh5+ Kg4 50. Rxc5 h2 51. Rc1 Kf3 52. Rh1 Kg2 53. Rxh2 Kxh2 54. Ke2 Kg2 55. f4
Rf3  0-1

[Event "British Chess Championships 2023: First Blitz Open"]
[Site "The Venue, De Montfort University, 20 Western Boulevard, Leicester, LE2 7BU"]
[Date "2023.07.20"]
[Round "7"]
[Board "3"]
[White "Han, Yichen"]
[Black "Ortiz Sanchez, Luis"]
[Result "1-0"]
[WhiteElo "2355"]
[BlackElo "1894"]
[PlyCount "0"]
[EventDate "2023.07.20"]
[EventRounds "9"]
[EventCountry "ENG"]

1. d4 d5 2. Bf4 c5 3. e3 Nc6 4. c3 Qb6 5. Qc1 Bf5 6. Nf3 h6 7. Nbd2 e6 8. Be2 Rc8
9. O-O Nf6 10. a4 Be7 11. Ne5 cxd4 12. Nxc6 bxc6 13. exd4 O-O 14. a5 Qb7 15. b4 Nd7
16. Nb3 e5 17. dxe5 Rfe8 18. Nd4 Bg6 19. Bg4 Rcd8 20. e6 Nf6 21. exf7+ Bxf7 22. Be6
Bd6 23. Bxf7+ Kxf7 24. Bxd6 Rxd6 25. Qf4 Rd7 26. Rfe1 Rde7 27. Rxe7+ Rxe7 28. Nf5
Re4 29. Nd6+ Kg8 30. Qxe4 Qd7 31. Qe5 Qg4 32. Nf5 Ne4 33. h3 Qg5 34. Ne7+  1-0

[Event "British Chess Championships 2023: First Blitz Open"]
[Site "The Venue, De Montfort University, 20 Western Boulevard, Leicester, LE2 7BU"]
[Date "2023.07.20"]
[Round "7"]
[Board "4"]
[White "Gopakumar, Siddharth"]
[Black "Pilley, Jack"]
[Result "0-1"]
[WhiteElo "1892"]
[BlackElo "2037"]
[PlyCount "0"]
[EventDate "2023.07.20"]
[EventRounds "9"]
[EventCountry "ENG"]

1. e4 c6 2. d4 d5 3. Nc3 dxe4 4. Nxe4 Nf6 5. Nxf6+ exf6 6. c3 Bd6 7. Nf3 O-O 8. Be2
Bg4 9. O-O Nd7 10. h3 Bh5 11. Be3 Re8 12. Qd2 Qc7 13. a4 Nf8 14. b4 b6 15. c4 c5
16. dxc5 bxc5 17. b5 Rad8 18. Qc2 Ng6 19. a5 Ne5 20. Nxe5 Bxe5 21. Bxh5 Bxa1 22.
Rxa1 Qe5 23. Bxf7+ Kxf7 24. Rb1 Qe4 25. Qxe4 Rxe4 26. Bxc5 a6 27. Bb6 Rc8 28. c5
axb5 29. Rxb5 Ra4 30. g3 g5 31. Rb3 h5 32. Rd3 Kg6 33. Rc3 Rc6 34. Rd3 Rc8 35. Rd6
Ra1+ 36. Kg2 Kf5 37. Rd7 g4 38. hxg4+ hxg4 39. Rh7 Re8 40. c6 Ree1 41. f4 Re2+ 42.
Bf2 Raa2 43. c7 Rxf2+ 44. Kg1 Rfc2  0-1

[Event "British Chess Championships 2023: First Blitz Open"]
[Site "The Venue, De Montfort University, 20 Western Boulevard, Leicester, LE2 7BU"]
[Date "2023.07.20"]
[Round "7"]
[Board "5"]
[White "Broughton, Daniel"]
[Black "Khan, Mohammed"]
[Result "0-1"]
[WhiteElo "1972"]
[BlackElo "1949"]
[PlyCount "0"]
[EventDate "2023.07.20"]
[EventRounds "9"]
[EventCountry "ENG"]

1. d4 Nf6 2. c4 g6 3. Nc3 d5 4. Bf4 c6 5. e3 Bg7 6. Nf3 O-O 7. h3 Ne4 8. Qc2 f5 9.
Be2 e6 10. O-O Nd7 11. Rfd1 g5 12. Bh2 Qf6 13. cxd5 exd5 14. Ne5 Nxe5 15. Bxe5 Qg6
16. Bxg7 Kxg7 17. f3 Ng3 18. Kh2 Qd6 19. Kg1 Qe7 20. Qd2 Bd7 21. Re1 Rae8 22. Bd3
h5 23. Qf2 h4 24. Rad1 g4 25. f4 gxh3 26. gxh3 Kh6 27. Kh2 Rg8 28. Qf3 Nh5 29. Rg1
Rxg1 30. Rxg1 Qxe3 31. Qxe3 Rxe3 32. Rd1 Nxf4 33. Bf1 Nh5 34. Bg2 f4 35. Rf1 Kg5
36. Bf3 Ng3 37. Bg2 Nxf1+ 38. Bxf1 f3 39. Na4 Re1 40. Bd3 Kf4 41. Nc5 Bc8 42. Nb3
Ke3  0-1

[Event "British Chess Championships 2023: First Blitz Open"]
[Site "The Venue, De Montfort University, 20 Western Boulevard, Leicester, LE2 7BU"]
[Date "2023.07.20"]
[Round "7"]
[Board "6"]
[White "Matlak, Oleksandr"]
[Black "Kothari, Jai"]
[Result "1-0"]
[WhiteElo "2158"]
[BlackElo "1951"]
[PlyCount "0"]
[EventDate "2023.07.20"]
[EventRounds "9"]
[EventCountry "ENG"]

1. e4 e5 2. Nf3 Nc6 3. Bc4 Nf6 4. Ng5 d5 5. exd5 Na5 6. d3 Be7 7. Nc3 a6 8. d6 Qxd6
9. Nxf7 Qb6 10. Nxh8 Nxc4 11. dxc4 Bg4 12. Qd3 g6 13. O-O Bf5 14. Qe3 Qxe3 15. Bxe3
Kf8 16. Rad1 Kg7 17. Nxg6 hxg6 18. Rd2 c6 19. a3 Ng4 20. Bb6 Bg5 21. Re2 Re8 22.
h3 Nf6 23. Rfe1 Nd7 24. Be3 Bf6 25. f3 Be6 26. b3 Be7 27. Ne4 Bxa3 28. Rd1 Nf6 29.
Nxf6 Kxf6 30. Bb6 Be7 31. Rde1 Bd6 32. Ba5 Bd7 33. Bc3 Kf5 34. g3 b5 35. cxb5 axb5
36. Kg2 b4 37. Bb2 c5 38. Rd2 Re6 39. Red1 e4 40. fxe4+ Rxe4 41. Rxd6 Bb5 42. R1d2
Kg5 43. R6d5+ Kh6 44. Rxc5 Ba6 45. Kf2 Re8 46. Rd6 Rf8+ 47. Ke3 Bb7 48. Be5 Rf3+
49. Kd2 Rf2+ 50. Kc1 Be4 51. Bf4+ Kg7 52. Rc7+ Kf8 53. Rd8#  1-0

[Event "British Chess Championships 2023: First Blitz Open"]
[Site "The Venue, De Montfort University, 20 Western Boulevard, Leicester, LE2 7BU"]
[Date "2023.07.20"]
[Round "7"]
[Board "7"]
[White "Wastney, Dylan"]
[Black "Gay, Conor DI"]
[Result "1-0"]
[WhiteElo "1878"]
[BlackElo "1909"]
[PlyCount "0"]
[EventDate "2023.07.20"]
[EventRounds "9"]
[EventCountry "ENG"]

1. e4 c5 2. Nc3 Nc6 3. Bb5 Nd4 4. Bc4 a6 5. d3 e6 6. Nge2 Be7 7. O-O d6 8. f4 Nf6
9. Bb3 Nxb3 10. axb3 d5 11. e5 Nd7 12. Ng3 O-O 13. Qe2 b5 14. Nxb5 Bb7 15. Nc3 Qc7
16. Bd2 Nb6 17. f5 exf5 18. Nxf5 Rfe8 19. Qg4 Bf8 20. Nh6+ Kh8 21. Nxf7+ Kg8 22.
e6 Qc6 23. Rae1 Re7 24. Bg5 Rc7 25. Bf4 Re7 26. Bg5 Rc7 27. e7 Bxe7 28. Bxe7 Re8
29. Ne5 Qh6 30. Bg5 Qd6 31. Nf7 Qg6 32. Rxe8#  1-0

[Event "British Chess Championships 2023: First Blitz Open"]
[Site "The Venue, De Montfort University, 20 Western Boulevard, Leicester, LE2 7BU"]
[Date "2023.07.20"]
[Round "7"]
[Board "8"]
[White "Vashisht-Pigem, Raman"]
[Black "Wells, Tony D"]
[Result "1-0"]
[WhiteElo "1695"]
[BlackElo "2070"]
[PlyCount "0"]
[EventDate "2023.07.20"]
[EventRounds "9"]
[EventCountry "ENG"]

1. e4 e5 2. Nf3 Nc6 3. Bc4 Nf6 4. d3 Be7 5. c3 d6 6. O-O Na5 7. Bb5+ c6 8. Ba4 b5
9. Bc2 c5 10. b4 Nc6 11. a4 cxb4 12. axb5 Nb8 13. cxb4 O-O 14. Be3 Nbd7 15. Rxa7
Rxa7 16. Bxa7 Bb7 17. Nbd2 d5 18. exd5 Nxd5 19. Nc4 Nxb4 20. Nfxe5 Nxe5 21. Nxe5
Bd6 22. Nc4 Qg5 23. f3 Bf4 24. Bf2 Rd8 25. Re1 h5 26. Be3 Bxe3+ 27. Rxe3 Qxb5 28.
Ba4 Qxc4 29. dxc4 Rxd1+ 30. Bxd1 Ba6 31. Rc3 Nc6 32. Kf2 Kf8 33. Ke3 Ke7 34. Ba4
Nb4 35. Kd4 Kd6 36. c5+ Kc7 37. Bb3 f6 38. Bc4 Bb7 39. Bb5 g5 40. c6 Bc8 41. Kc5
Na2 42. Rc2 Be6 43. Bc4  1-0